000 00326nam a2200145Ia 4500
008 230718s9999 xx 000 0 und d
041 _aEng.
082 _a34405
_bMAL-P
100 _aMalik, M.A
245 0 _aPolice Order
260 _aPakistan
_bIrfan Law Book House
_c2007
300 _a135
650 _aLaw
999 _c28416
_d28416